| 000 | 00656nam a2200241Ia 4500 | ||
|---|---|---|---|
| 001 | dia_4312 | ||
| 003 | CHAP | ||
| 005 | 20251029163444.0 | ||
| 008 | 220117s1999 xx 000 0 und d | ||
| 010 | _a174943 | ||
| 040 |
_cCHAP _amxchpua |
||
| 090 | _aFOLLETO 2838 | ||
| 100 |
_aFrigus Bohn _9155774 |
||
| 245 |
_aCatálogo de productos de refrigeración / _c Frigus Bohn |
||
| 260 |
_aMéxico : _b Frigus Bohn, _c1999 |
||
| 300 | _a85 p. | ||
| 500 | _aD. Fotocopia | ||
| 650 |
_aRefrigeración _995611 |
||
| 901 | _aFOLLETO 2838 | ||
| 902 | _aM | ||
| 905 | _a0000001999 mx 0000000000spa00 | ||
| 942 |
_cFOLL _2local |
||
| 999 |
_c174943 _d174943 |
||